banner-ar

اسرار التغذية الصحية والرياضية : البروتين صديق الرياضى والانسان / (Record no. 49453)

MARC details
000 -الفاتح
حقل البيانات ثابتة الطول 00677nam a2200205Ia 4500
008 - عناصر البيانات ثابتة الطول - معلومات عامة
حقل البيانات ثابتة الطول 140319s9999 xx 000 0 ara d
040 ## - مصدر الفهرسة
وكالة الفهرسة الأصلية GCL /
وكالة النسخ GCL
082 04 - رقم تصنيف ديوى العشرى
رقم التصنيف 612.398
رقم المادة ب ا
100 1# - المدخل الرئيسى - إسم شخصى
الإسم الشخصى بن وايدر
245 10 - بيان العنوان
العنوان اسرار التغذية الصحية والرياضية : البروتين صديق الرياضى والانسان /
بيان المسئوليه,etc بن وايدر
700 1# - المدخل الاضافى - اسم شخصى
الإسم الشخصى بن ويدر
700 1# - المدخل الاضافى - اسم شخصى
الإسم الشخصى منير ملك المنياوى
300 ## - الوصف المادى
التعداد 31 ص
490 ## - بيان السلسلة
عنوان السلسلة سلسلة براهين العلم
رقم المجلد/ التعيين التسلسلي 0
650 04 - المدخل الاضافى بالموضوع-مصطلح موضوعى
مصطلح موضوعي البروتينات
650 04 - المدخل الاضافى بالموضوع-مصطلح موضوعى
مصطلح موضوعي التغذية الرياضية
650 04 - المدخل الاضافى بالموضوع-مصطلح موضوعى
مصطلح موضوعي التغذية الصحية
942 ## - عناصر المدخل الإضافي( كوها)
مصدر التصنيف او مخطط الترفيف Dewey Decimal Classification
Koha [default] item type كتاب
Holdings
حالة التراجع حالة الفقد حالة تلف ليس للاعارة المكان المؤقت الموقع الحالى تاريخ الاكتساب اجمالي اﻻعارات رقم الطلب الباركود تاريخ اخر مشاهدة تاريخ تفعيل السعر نوع وعاء كوها
        مكتبة القاهرة الكبرى مكتبة القاهرة الكبرى 03/26/2014   612.398\ب ا 118824 03/26/2014 03/26/2014 كتاب
        مكتبة القاهرة الكبرى مكتبة القاهرة الكبرى 03/26/2014   612.398\ب ا 118825 03/26/2014 03/26/2014 كتاب

Powered By

EGPV